00246nam a2200109Ia 45000030006000000050017000060080041000230400009000640820016000731000019000892450028001080Nust20170105110254.0161124s9999 xx 000 0 und d cIGIS a551.48bLIN aRay k. Linsley aHydrology for engineers